000 00718cam a2200229 4500500
005 20260405000554.0
041 _afre
042 _adc
100 1 0 _aGalimberti, Umberto
_eauthor
700 1 0 _aPastorini, Chiara
_eauthor
245 0 0 _aUmberto Galimberti : « L’amour est devenu la sphère de la réalisation du moi »
260 _c2008.
500 _a28
690 _aCouple
690 _aFamille
690 _aIndépendance
690 _aIndividualité
690 _aLiberté
690 _aPassion
786 0 _nPhilosophie magazine | 18 | 4 | 2008-04-01 | p. 10-10 | 1951-1787
856 4 1 _uhttps://shs.cairn.info/magazine-philosophie-magazine-2008-4-page-10?lang=fr&redirect-ssocas=7080
999 _c2038536
_d2038536